Professional Hibernate (Record no. 316279)
[ view plain ]
| 000 -LEADER | |
|---|---|
| fixed length control field | 00360nam a2200145Ia 4500 |
| 008 - FIXED-LENGTH DATA ELEMENTS--GENERAL INFORMATION | |
| fixed length control field | 230718s9999 xx 000 0 und d |
| 041 ## - LANGUAGE CODE | |
| Language code of text/sound track or separate title | eng |
| 082 ## - DEWEY DECIMAL CLASSIFICATION NUMBER | |
| Classification number | 005.2'762 |
| Item number | PUG |
| 100 ## - MAIN ENTRY--PERSONAL NAME | |
| Personal name | Pugh E. |
| 245 ## - TITLE STATEMENT | |
| Title | Professional Hibernate |
| 260 ## - PUBLICATION, DISTRIBUTION, ETC. (IMPRINT) | |
| Name of publisher, distributor, etc. | John Wiley |
| 365 ## - TRADE PRICE | |
| Currency code | Rs. |
| Price amount | 379.00 |
| 700 ## - ADDED ENTRY--PERSONAL NAME | |
| Personal name | Pugh E. & Grdecki J. |
| 906 ## - LOCAL DATA ELEMENT F, LDF (RLIN) | |
| d | B:508116-Mar-2007 |
| c | IT |
| b | 75.8 |
| Withdrawn status | Lost status | Damaged status | Not for loan | Home library | Current library | Date acquired | Vendor | Budget Code | Cost, normal purchase price | Bill number | Total Checkouts | Full call number | Barcode | Date last seen | Discount | Cost, replacement price | Bill Date | Koha item type | Original Barcode |
|---|---|---|---|---|---|---|---|---|---|---|---|---|---|---|---|---|---|---|---|
| Cummins College of Engineering for Women Pune | Cummins College of Engineering for Women Pune | 30/03/2007 | Varma Book Distributors | IT | 303.20 | 5081 | 005.2'762 | CCEP-BK-27486 | 18/07/2023 | 75.8 | 379.00 | 16/03/2007 | Books | 027486 |